Star Wars Trivia - Advanced - Statistics

General Stats
  • This quiz has been taken 14 times
  • The average score is 11 of 25
Answer Stats
Trivia Answer % Correct
Who is the Chosen One? Anakin Skywalker
91%
The Clone Army were clones of who? Jango Fett
91%
Qui-Gon Jinn's Master Count Dooku
82%
Alternate name for Sand People Tusken Raiders
73%
Darth Sidious' Master Darth Plagueis
64%
Count Dooku's Sith name Darth Tyranus
64%
First known Jedi to learn the secret of becoming a Force Ghost? Qui-Gon Jinn
64%
George Lucas was initially going to go with ________ instead of Skywalker Starkiller
64%
Chancellor Palpatine's predecessor Valorum
64%
The name of the monster that attacked Luke on Hoth Wampa
64%
Gungan leader seen in Episode I Boss Nass
55%
Jabba the Hutt's jester Salacious Crumb
45%
Where was Luke wanting to go with his friends to pick up power converters? Tosche Station
45%
LOM-series protocol droid turned Bounty Hunter 4-LOM
36%
Which Sith Lord instituted the Rule of Two? Darth Bane
36%
The engineer who designed a critical flaw into the Death Star Galen Erso
36%
The Separatist Alliance also goes by the abbreviation C.I.S. What does this stand for? Confederacy of Independent Systems
18%
Substance similar to drugs Spice
18%
Mace Windu's lightsaber form Vaapad
18%
Grand Moff Tarkin's first name Wilhuff
18%
Ki-Adi-Mundi's species Cerean
9%
The first Death Star's technical name DS-1 Orbital Station
0%
The band name of the Bith group that played the famous "Cantina Song" Figrin D'an and the Modal Nodes
0%
What is the alternate title of the "Cantina Song" Mad About Me
0%
What model TIE Fighter did Darth Vader use? TIE Advanced x1
0%
No matching quizzes found
Score Distribution
Percent of People with Each Score
Percentile by Number Answered
Your Score History
You have not taken this quiz